Alle Torschützen vom BVB in der Saison 2021/2022 - Statistiken

Allgemein
  • Dieses Quiz wurde 444 mal gespielt
  • Das Durchschnittsergebnis liegt bei 12 aus 19
Antwortstatistiken
Alle Tore BL DFL
Supercup
DFB
Pokal
CL EL Spieler % Korrekt
29 22 0 4 3 0 Erling Haaland
98%
13 9 1 0 3 0 Marco Reus
98%
1 1 0 0 0 0 Mats Hummels
94%
6 3 0 0 1 2 Jude Bellingham
87%
9 9 0 0 0 0 Julian Brandt
87%
5 5 0 0 0 0 Emre Can
76%
9 5 0 0 3 1 Donyell Malen
67%
5 4 0 0 0 1 Raphael Guerreiro
66%
2 2 0 0 0 0 Giovanni Reyna
62%
6 4 0 2 0 0 Thorgan Hazard
61%
2 2 0 0 0 0 Youssoufa Moukoko
61%
1 1 0 0 0 0 Manuel Akanji
59%
2 2 0 0 0 0 Thomas Meunier
57%
2 2 0 0 0 0 Mahmoud Dahoud
52%
3 3 0 0 0 0 Marius Wolf
51%
2 2 0 0 0 0 Axel Witsel
46%
1 1 0 0 0 0 Felix Passlack
29%
1 1 0 0 0 0 Tom Rothe
29%
3 3 0 0 0 0 Steffen Tigges
26%
Keine übereinstimmenden Quizze gefunden
Verteilung der Resultate
Anzahl Personen mit jedem Resultat
Perzentil nach korrekt beantworteten Fragen
Ihre Resultats-Entwicklung
Sie haben dieses Quiz noch nicht gespielt